| 000 | 00608nam a2200205 u 4500 | ||
|---|---|---|---|
| 005 | 20210223131658.0 | ||
| 008 | 120228s2000 mx r 000 0 spa d | ||
| 020 | _a9789700775166 | ||
| 035 | _aUPN01000183523 | ||
| 049 | _aI | ||
| 050 | 4 |
_aQK49 _bS7.6 |
|
| 100 | 1 |
_aStrepponi, Blanca, _d1952- _936523 |
|
| 245 | 1 | 1 |
_a¿Quién dijo Kartofel? / _cBlanca Strepponi, Yolanda Pantin. |
| 260 |
_aMéxico : _bPorrúa, _c[200?]. |
||
| 300 |
_a56 p. : _bil. col. |
||
| 650 | 4 |
_aBOTANICA - _vLITERATURA JUVENIL _9887 |
|
| 700 | 1 |
_aPantin, Yolanda, _d1954- _ecoaut. _936388 |
|
| 905 | _aInfantil | ||
| 999 |
_c155626 _d155626 |
||